| 000 | 00543cam a2200205ua 4500 | ||
|---|---|---|---|
| 001 | 10302 | ||
| 008 | 180315n ii |||gr||||Z||||||eng | ||
| 020 | _a9781259097348 | ||
| 040 | _cMAIN | ||
| 082 | _a330.015195 | ||
| 100 |
_aCiang, Alpha C., _eAuthor. |
||
| 245 |
_aFundamental methods of mathematical economics _cBy Aplha C. Ciang |
||
| 250 | _a4th ed. | ||
| 260 |
_aChennai: _bMcGraw hill education, _c2017. |
||
| 300 | _a688p. | ||
| 653 | _aEconomics | ||
| 653 | _aEconometrics | ||
| 700 |
_aWainwright, Kevin, _eAuthor. |
||
| 942 | _cBK | ||
| 999 |
_c9297 _d9297 |
||